| 000 | 00659nam a2200181 4500 | ||
|---|---|---|---|
| 008 | 171213b xxu||||| |||| 00| 0 eng d | ||
| 020 | _a013666900X | ||
| 082 |
_21992 _aDC 796.07 _bP56 |
||
| 100 |
_925108 _aSeaton, Don Cash, author. |
||
| 245 |
_aPhysical education handbook / _cDon Cash Seaton ... [et al.]. |
||
| 250 | _aEigth edition. | ||
| 260 |
_aEnglewood Cliffs, N.J. : _bPrentice Hall, _c©1992. |
||
| 300 |
_axvi, 430 pages : _billustrations ; _c29 cm. |
||
| 500 | _aIncludes bibliographical references. | ||
| 650 | 0 |
_925109 _aPhysical education and training _xStudy and teaching |
|
| 700 |
_925110 _aSchmottlach, Neil, author. |
||
| 942 |
_2ddc _cDC |
||
| 999 |
_c8114 _d8114 |
||